| 000 | 00419nam a2200181Ia 4500 | ||
|---|---|---|---|
| 008 | 210210b1910 xxu||||| |||| 00| 0 eng d | ||
| 041 | _aeng | ||
| 082 | _a334/2 | ||
| 100 | _aALSTON (L) | ||
| 245 | _aElements of Indian taxation | ||
| 260 |
_aLondon _bMacmillan & Co. Ltd. _c1910 |
||
| 650 | _ataxation | ||
| 650 | _aof | ||
| 650 | _aIndian | ||
| 650 | _aElements | ||
| 690 | _aPublic Finance | ||
| 906 | _a004266 | ||
| 999 |
_c123928 _d123928 |
||